Türkiye'nin illeri (Haritasız) - Statistics

General Stats
  • This quiz has been taken 15 603 times
  • The average score is 58 of 81
Answer Stats
Answer % Correct
Adana
96%
Ankara
95%
İstanbul
93%
Antalya
92%
İzmir
91%
Bursa
89%
Trabzon
87%
Edirne
85%
Adıyaman
83%
Hatay
83%
Çanakkale
82%
Rize
82%
Gaziantep
81%
Konya
81%
Zonguldak
81%
Balıkesir
80%
Van
80%
Muğla
78%
Hakkâri
77%
Mersin
77%
Samsun
77%
Ağrı
76%
Amasya
76%
Denizli
76%
Diyarbakır
76%
Erzurum
76%
Kırklareli
76%
Afyonkarahisar
75%
Artvin
75%
Ordu
75%
Şanlıurfa
75%
Eskişehir
74%
Aydın
73%
Bolu
73%
Kahramanmaraş
73%
Ardahan
72%
Erzincan
72%
Giresun
72%
Kars
72%
Sivas
72%
Tekirdağ
72%
Kırıkkale
71%
Çorum
70%
Düzce
70%
Sinop
70%
Batman
69%
Kastamonu
69%
Yalova
69%
Kocaeli
68%
Malatya
68%
Manisa
68%
Mardin
68%
Muş
68%
Nevşehir
68%
Osmaniye
68%
Burdur
67%
Çankırı
67%
Iğdır
67%
Kayseri
67%
Bilecik
66%
Elazığ
66%
Yozgat
66%
Bitlis
65%
Isparta
64%
Sakarya
64%
Aksaray
63%
Bartın
63%
Gümüşhane
63%
Kilis
63%
Niğde
63%
Tokat
63%
Kütahya
62%
Şırnak
62%
Bingöl
60%
Karaman
60%
Kırşehir
58%
Siirt
58%
Tunceli
58%
Uşak
58%
Bayburt
57%
Karabük
52%
No matching quizzes found
Score Distribution
Percent of People with Each Score
Percentile by Number Answered
Your Score History
You have not taken this quiz